Kognitívne testy s využitím rozšírenej a virtuálnej reality
Enregistré dans:
| Auteur principal: | |
|---|---|
| Autres auteurs: | |
| Format: | Manuscrit Livre |
| Langue: | slovaque |
| Publié: |
2020
|
| Sujets: | |
| Accès en ligne: | http://is.stuba.sk/zp/portal_zp.pl?podrobnosti=142142 |
| Tags: |
Pas de tags, Soyez le premier à ajouter un tag!
|
MARC
| LEADER | 00000ntm a22000003a 4500 | ||
|---|---|---|---|
| 001 | stuzp80624 | ||
| 003 | SK-STU | ||
| 005 | 20200620212024.0 | ||
| 007 | ta | ||
| 008 | 150427s2015----xo-----f-mn---000-0-slo-d | ||
| 040 | |a STU |b slo | ||
| 041 | 0 | |a slo | |
| 100 | 1 | |a Svitok, Vladimír |u 070400 |4 aut |U FIIT Fakulta informatiky a informačných technológií |T FIIT Ústav počítačového inžinierstva a aplikovanej informatiky |X 92147 |U I400 |Y 672 |7 92147 | |
| 242 | 0 | 1 | |a Cognitive tests using augmented and virtual reality |y eng |
| 245 | 1 | 0 | |a Kognitívne testy s využitím rozšírenej a virtuálnej reality |
| 260 | |c 2020 | ||
| 650 | 4 | |a Kognitívne funkcie |2 slo | |
| 650 | 4 | |a Kognitívne testy |2 slo | |
| 650 | 4 | |a MoCa test |2 slo | |
| 650 | 4 | |a Virtuálna realita |2 slo | |
| 650 | 4 | |a Cognitive functions |2 eng | |
| 650 | 4 | |a MoCA test |2 eng | |
| 650 | 4 | |a Virtual reality |2 eng | |
| 700 | 1 | |a Turi Nagy, Martin |4 ths |X 10187 |7 A000010187 | |
| 856 | 4 | |u http://is.stuba.sk/zp/portal_zp.pl?podrobnosti=142142 | |